Herlany geysir

Zobrazenie: Pohľad z trávnika na striekajúci gejzír, pred ktorým stoja vľavo dve ženy. V pozadí za gejzírom sú stromy a vľavo je budova. V popredí prechádza cez trávnik chodníček. V spodnej časti po celej šírke pohľadnice sa nachádza biely rámček

Bibliographic Details
Format: Postcard
Language:Slovak
PhysicalDescription:1 pohľadnica tónovaná do zelena 14 x 9 cm
Published: [Slovensko?] [vydavateľ neznámy] [1924?]
Subjects:

MARC

LEADER 00000ckm a2200000 a 4500
001 vtls011596642
003 SK-MaSNL
005 20260512122210.0
007 kp ao
008 230706q1924 xo g 00 kuslo
015 |a SNBG1924 
035 |a urn:nbn:sk:snk-km00fa0s 
035 |a urn:nbn:sk:snk-km45usv 
035 |a 14BAA028-3D61-4081-8420-DBF1904F341F 
040 |a SNK  |b slo  |c SNK  |e AACR2 
041 0 |a slo 
043 |a e-xo--- 
044 |a xo  |c SK 
072 7 |a 913  |x Regionálna geografia  |2 konspekt 
080 |a 913(437.6)  |2 2011 
080 |a 551.23(437.6)  |2 2011 
080 |a (084.121)  |2 2011 
080 |a 908(437.6)  |2 2011 
080 |a 711.455:615.838  |2 2011 
245 0 0 |a Herlany  |h grafika  |b geysir 
260 |a [Slovensko?]  |b [vydavateľ neznámy]  |c [1924?] 
300 |a 1 pohľadnica  |b tónovaná do zelena  |c 14 x 9 cm 
500 |a Názvové údaje prevzaté z obrazovej časti dokumentu 
520 8 |a Zobrazenie: Pohľad z trávnika na striekajúci gejzír, pred ktorým stoja vľavo dve ženy. V pozadí za gejzírom sú stromy a vľavo je budova. V popredí prechádza cez trávnik chodníček. V spodnej časti po celej šírke pohľadnice sa nachádza biely rámček 
650 0 7 |a gejzíry  |2 SNKPH  |9 30753 
650 0 7 |a kúpele  |2 SNKPH  |9 1139 
651 7 |a Herliansky gejzír (Herľany, Slovensko)  |2 SNKPHgeo  |9 162091 
655 7 |a miestne pohľadnice  |2 SNKPH  |9 70510 
655 7 |a geografické pohľadnice  |2 SNKPH  |9 70522 
852 |a Slovenská národná knižnica 
958 |a ONDV 
958 |a GBN 
958 |a GC 
999 |c 590139  |d 592069 
952 |a SNK  |b SNK  |y PREZ  |7 0  |p 17A1212206  |o snkSP 31475  |z Pohľadnica prešla poštou.  |0 0  |1 0  |4 0  |d 2016-11-30  |f 1  |l 0  |r 2026-02-23 15:21:48  |w 2026-02-23